00767nam a2200217Ia 4500003000900000008004100009020001600050040001600066080001600082111007800098245015900176260003300335300001000368650004100378650002200419650001400441700002300455700002400478700002400502700002300526IN-BaIIA211028s9999 xx 000 0 eng d a306-30487-2 cIIA Library a535.33bCOO aInternational Symposium on Electron and Nuclear ResonancecMelborned1969 0aMagnetic resonancebproceedings of the international symposium on electron and nuclear resonance held in Melborne, 1969cedited by C. K. Coogan…[et al.] aNew YorkbPlenum Pressc1970 a386p. aAstronomy and Astrophysics Thesaurus aMagneticResonance aResonance aCoogan, C. K., ed. aHam, Norman S., ed. aPilbrow, J. R., ed. aStuart, S. N., ed.